=LDR 00000nam 2200000 4500 =001 INLIS000000000016222 =005 20130612111506 =008 ***********************************Ind** =035 ##$$0010-061300000016222 =041 ##$$a Ind =082 ##$$a 810.7 =090 ##$$a 810.7, Ran i =100 ##$$a Abdul Rani, Supratman =245 ##$$a Intisari sastra Indonesia untuk SLTP, Drs. Supratman Abdul Rani, Dra. Yani Maryani =260 ##$$a 2002 $b Bandung =300 ##$$a 340 hlm., 21 cm =650 ##$$a Kesusastraan Indonesia-Studi dan pengajaran =700 ##$$a Maryam, Yani =850 ##$$a NBPNMAT